[Event "Drammen CC-ch"]
[Site "Drammen"]
[Date "2015.01.20"]
[Round "2"]
[White "Andersson, Oivind"]
[Black "Vetterstad, Per"]
[Result "1-0"]
[WhiteElo "1157"]
[BlackElo "943"]
[PlyCount "73"]
[EventDate "2015.01.13"]
[EventType "swiss"]
[EventRounds "9"]
[EventCountry "NOR"]
[SourceTitle "EXT 2024"]
[Source "ChessBase"]
[SourceDate "2023.10.10"]
[SourceVersion "1"]
[SourceVersionDate "2023.10.10"]
[SourceQuality "1"]

1. e4 e5 2. Nf3 Nc6 3. Bb5 Nge7 4. 0-0 a6 5. Ba4 b5 6. Bb3 h6 7. a3 Ng6 8. d4 exd4 9. Nxd4 Bb7 10. Bd5 Nge5 11. f4 Nc4 12. b3 Nb6 13. Be3 Nxd5 14. exd5 Ne7 15. c4 bxc4 16. bxc4 d6 17. Nc3 c5 18. Nf3 Nf5 19. Bf2 Be7 20. Qa4+ Kf8 21. Rfe1 g6 22. Qc2 Kg7 23. Rab1 Ra7 24. Ne4 Bf6 25. Ng3 Bc8 26. Rb3 Nxg3 27. Bxg3 Bf5 28. Qd2 h5 29. Ng5 Bd4+ 30. Bf2 Bxf2+ 31. Kxf2 Re8 32. Rbe3 Rxe3 33. Rxe3 h4 34. Qe1 Qd7 35. h3 Qa4 36. Qc3+ Kh6 37. Qh8# 1-0

[Event "Drammen CC-ch"]
[Site "Drammen"]
[Date "2014.02.04"]
[Round "3"]
[White "Berg, Odd Gunstein"]
[Black "Vetterstad, Per"]
[Result "1-0"]
[WhiteElo "1325"]
[BlackElo "912"]
[PlyCount "69"]
[EventDate "2014.01.14"]
[EventType "swiss"]
[EventRounds "9"]
[EventCountry "NOR"]
[SourceTitle "EXT 2024"]
[Source "ChessBase"]
[SourceDate "2023.10.10"]
[SourceVersion "1"]
[SourceVersionDate "2023.10.10"]
[SourceQuality "1"]

1. d4 d5 2. Bf4 Nf6 3. Nf3 Nc6 4. e3 a6 5. c3 Bf5 6. Be2 h6 7. h3 e6 8. Nbd2 Bd6 9. Bxd6 Qxd6 10. 0-0 0-0-0 11. c4 dxc4 12. Nxc4 Qe7 13. Rc1 Nd5 14. Nce5 Nxe5 15. Nxe5 Be4 16. Qa4 Rd6 17. Rc5 Qg5 18. Nf3 Qg6 19. Rfc1 Rhd8 20. g3 f5 21. Ne5 Qf6 22. f3 Nb6 23. Rxc7+ Kb8 24. Qd1 Bd5 25. Rf7 Qg5 26. Kf2 h5 27. f4 Qh6 28. Rfc7 Rc6 29. R7xc6 Bxc6 30. Nxc6+ bxc6 31. Rxc6 Kb7 32. Bf3 Nd5 33. Qa4 Ra8 34. Bxd5 Qh8 35. Rxe6+ 1-0

[Event "Drammen CC-ch"]
[Site "Drammen"]
[Date "2014.01.14"]
[Round "1"]
[White "Brokke, Otto"]
[Black "Vetterstad, Per"]
[Result "1-0"]
[WhiteElo "1460"]
[BlackElo "912"]
[PlyCount "63"]
[EventDate "2014.01.14"]
[EventType "swiss"]
[EventRounds "9"]
[EventCountry "NOR"]
[SourceTitle "EXT 2024"]
[Source "ChessBase"]
[SourceDate "2023.10.10"]
[SourceVersion "1"]
[SourceVersionDate "2023.10.10"]
[SourceQuality "1"]

1. e4 e5 2. Nf3 Nc6 3. d4 exd4 4. Nxd4 Nxd4 5. Qxd4 d6 6. Bc4 c5 7. Qd5 Qe7 8. Bg5 f6 9. Bb5+ Kd8 10. Be3 Be6 11. Qd2 b6 12. Nc3 Qf7 13. Bc6 Rc8 14. Bd5 Rc7 15. 0-0-0 Bxd5 16. Nxd5 Rd7 17. Kb1 Ne7 18. Nc3 Nc6 19. a3 Ne5 20. Qe2 g5 21. f4 Nc4 22. Bc1 gxf4 23. Bxf4 Ne5 24. Rhf1 Qe6 25. Rd5 h5 26. Rfd1 h4 27. Qa6 Bh6 28. Bxe5 fxe5 29. Nb5 Rhh7 30. Rxd6 Rxd6 31. Rxd6+ Qd7 32. Rxd7+ 1-0

[Event "Drammen CC-ch"]
[Site "Drammen"]
[Date "2013.02.26"]
[Round "3"]
[White "Aure, Havard"]
[Black "Vetterstad, Per"]
[Result "1-0"]
[WhiteElo "880"]
[BlackElo "939"]
[PlyCount "197"]
[EventDate "2013.01.15"]
[EventType "swiss"]
[EventRounds "9"]
[EventCountry "NOR"]
[SourceTitle "EXT 2024"]
[Source "ChessBase"]
[SourceDate "2023.10.10"]
[SourceVersion "1"]
[SourceVersionDate "2023.10.10"]
[SourceQuality "1"]

1. c4 e5 2. Nc3 Nf6 3. g3 c6 4. Bg2 Bc5 5. e3 d6 6. Nf3 Bg4 7. 0-0 0-0 8. Qb3 Qd7 9. Qc2 Re8 10. e4 a6 11. d3 h6 12. Na4 Ba7 13. Be3 c5 14. b3 Nc6 15. Qd2 Bxf3 16. Bxf3 Qh3 17. Bg2 Qh5 18. Qd1 Qg6 19. f4 exf4 20. Rxf4 Ne5 21. Qf1 Nfg4 22. Re1 f6 23. Bd2 Rf8 24. h3 b5 25. Nc3 h5 26. hxg4 hxg4 27. Qe2 Kf7 28. Kf2 Rh8 29. Rf1 Rh2 30. Ke1 Nxd3+ 31. Qxd3 Rxg2 32. Qxd6 Rxg3 33. Qd5+ Ke7 34. Qxa8 Rf3 35. Qxa7+ Ke6 36. Rxg4 Qxg4 37. Qb6+ Kf7 38. Qc7+ Kg6 39. Rxf3 Qxf3 40. Qh2 b4 41. Qg1+ Kf7 42. Nd1 Qxe4+ 43. Qe3 Qh1+ 44. Ke2 Qh5+ 45. Kd3 Qxd1 46. Qxc5 Qf3+ 47. Qe3 Qf5+ 48. Ke2 a5 49. Qd3 Qe5+ 50. Qe3 Qb2 51. Qa7+ Kg6 52. Qxa5 Qc2 53. Qxb4 Qxa2 54. c5 Qa6+ 55. Kf2 Qc6 56. Qb6 Qd5 57. Ke2 Qe4+ 58. Be3 Qg2+ 59. Kd3 Qd5+ 60. Bd4 Qf3+ 61. Kc4 Qe2+ 62. Kd5 Qf3+ 63. Kc4 Qe2+ 64. Kb4 Qd2+ 65. Bc3 Qf4+ 66. Ka5 Qc1 67. Qb4 Qh1 68. Qb5 Qa8+ 69. Qa6 Qd5 70. b4 Qb3 71. Be1 Qa2+ 72. Kb6 Qe6+ 73. c6 f5 74. Kb7 Qe4 75. Kb8 Qe6 76. Qb7 Qe8+ 77. Qc8 Qxe1 78. c7 Qxb4+ 79. Qb7 Qd6 80. Ka8 Qa3+ 81. Qa7 Qf3+ 82. Kb8 Qf4 83. Qa6+ Kg5 84. Kc8 Qe5 85. Kd7 Qd5+ 86. Qd6 Qb5+ 87. Kd8 Qa5 88. Qe7+ Kf4 89. Qd7 g5 90. Ke8 Qe5+ 91. Qe7 Qb5+ 92. Qd7 Qe5+ 93. Kf7 Qxc7 94. Qxc7+ Kg4 95. Kf6 f4 96. Qc4 Kh4 97. Kf5 Kh5 98. Qe2+ g4 99. Qxg4+ 1-0

[Event "Drammen CC-ch Class2"]
[Site "Drammen"]
[Date "2012.01.17"]
[Round "2"]
[White "Sliper, Marius"]
[Black "Vetterstad, Per"]
[Result "1-0"]
[WhiteElo "975"]
[BlackElo "929"]
[PlyCount "65"]
[EventDate "2012.01.17"]
[EventType "tourn"]
[EventRounds "7"]
[EventCountry "NOR"]
[SourceTitle "EXT 2024"]
[Source "ChessBase"]
[SourceDate "2023.10.10"]
[SourceVersion "1"]
[SourceVersionDate "2023.10.10"]
[SourceQuality "1"]

1. e4 e5 2. Nf3 d6 3. Nc3 Nc6 4. Bb5 Bd7 5. 0-0 a6 6. Bxc6 Bxc6 7. d3 h6 8. Be3 Nf6 9. a3 Qd7 10. h3 Nh5 11. d4 exd4 12. Nxd4 Nf6 13. Nxc6 Qxc6 14. Qd3 Rd8 15. Rad1 Be7 16. Nd5 Nxd5 17. exd5 Qd7 18. Bd4 0-0 19. Qg3 f6 20. Be3 Kf7 21. Qf3 Kg8 22. Qg3 Kf7 23. Qf3 Ke8 24. Rfe1 Rf7 25. Qh5 Kf8 26. Qg6 Kg8 27. Bd2 Rc8 28. Rxe7 Qxe7 29. Re1 Qxe1+ 30. Bxe1 Kf8 31. Qh7 Ke7 32. Qe4+ Kd7 33. Qe6+ 1-0

[Event "Drammen CC-ch Class2"]
[Site "Drammen"]
[Date "2012.01.17"]
[Round "1"]
[White "Vetterstad, Per"]
[Black "Sorensen, Idar"]
[Result "0-1"]
[WhiteElo "929"]
[BlackElo "1245"]
[PlyCount "63"]
[EventDate "2012.01.17"]
[EventType "tourn"]
[EventRounds "7"]
[EventCountry "NOR"]
[SourceTitle "EXT 2024"]
[Source "ChessBase"]
[SourceDate "2023.10.10"]
[SourceVersion "1"]
[SourceVersionDate "2023.10.10"]
[SourceQuality "1"]

1. d4 d5 2. c4 Nf6 3. e3 e6 4. a3 Be7 5. Nc3 c6 6. c5 0-0 7. Nf3 Nbd7 8. Bd3 h6 9. 0-0 b6 10. b4 a5 11. bxa5 bxc5 12. Ne5 Qc7 13. f4 cxd4 14. exd4 Ba6 15. Rf3 Bxd3 16. Rxd3 Rxa5 17. a4 Ne4 18. Nxe4 dxe4 19. Rg3 f5 20. Qh5 Nxe5 21. Qxh6 Ng4 22. Qxe6+ Rf7 23. Rh3 Nh6 24. Qg6 Qd6 25. Rxh6 Qxd4+ 26. Kf1 Qd3+ 27. Ke1 Bb4+ 28. Kf2 Bc5+ 29. Ke1 Qc3+ 30. Kd1 Rd7+ 31. Ke2 Qc2+ 32. Bd2 0-1